| 000 | 00763nam a2200193Ia 4500 | ||
|---|---|---|---|
| 008 | 191130s1972##################000#0#eng## | ||
| 020 | _a5088076 | ||
| 040 |
_aACL _cACL |
||
| 082 | _a581.9688 CRA | ||
| 100 | _aMerxmüller, Hermann | ||
| 245 |
_aProdromus einer Flora von Südwestafrika _cHrsg. von Hermann Merxmüller |
||
| 260 |
_aLehre _b[publisher not identified] _c1972 |
||
| 300 | _a35 v. in 5 ; 25 cm | ||
| 500 | _aIncludes index | ||
| 650 | _aBotany -- Namibia | ||
| 990 | _a7270ae61ac10000c68aa122701b0ce5f | ||
| 991 | _a313368 | ||
| 999 |
_c281334 _d281334 |
||